Delincuencia organizada transnacional y proteccin̤ de testigos qu,̌ cm̤o y por qu ̌

Detalles Bibliográficos
Autor principal: Montes Noblejas, Diego
Formato: eBook
Lenguaje:español
Publicado: Barcelona: J.M. Bosch Editor, 2022
Materias:
Acceso en línea:Acceso restringido

MARC

LEADER 00000nam a22000007a 4500
005 20221013223643.0
007 cr|||| ||||
008 221013s2022 ea |||||s|||| 00||0 spa d
020 |a 9788419045317 
035 |a 37461 
040 |a vLex 
090 |c 14034  |d 14034 
100 1 |a Montes Noblejas, Diego 
245 1 0 |a Delincuencia organizada transnacional y proteccin̤ de testigos qu,̌ cm̤o y por qu ̌  |h [Recurso electrn̤ico] /  |c Diego Montes Noblejas 
256 |a Servicio en ln̕ea 
260 |a Barcelona:  |b J.M. Bosch Editor,  |c 2022 
300 |a 1 recurso electrn̤ico 
500 |a A pesar de los esfuerzos provenientes desde distintos m̀bitos para atajarla, la delincuencia organizada transnacional es un fenm̤eno que ha ido creciendo en magnitud e importancia con el paso de las dčadas. As ̕las cosas, resulta necesario plantearse, por un lado, qu ̌nuevos mecanismos podra̕n adoptarse y, por otro lado, repensar la importancia y el alcance de los ya existentes para hacer frente a dicha amenaza. La presente obra ofrece en su primer capt̕ulo una posible respuesta acerca de lo que ha de entenderse por ±delincuencia organizada transnacional». Posteriormente, dedica su segundo capt̕ulo a presentar tanto una panorm̀ica de su evolucin̤ como una sinopsis de sus rasgos actuales. Finalmente, en su tercer capt̕ulo, analiza la declaracin̤ de los testigos en el proceso, para lo cual es necesario garantizar previamente su proteccin̤, como un mecanismo imprescindible para que las respectivas Administraciones de Justicia de los diferentes Estados puedan desarticular las organizaciones criminales operativas y, de ese modo, situarse ms̀ cerca de ganar aquello que se ha dado en llamar ±lucha contra la delincuencia organizada». Diego Montes Noblejas (Manzanares, 1996) es graduado en Derecho y en Economa̕ por la Universidad de Castilla-La Mancha, donde obtuvo el Premio Extraordinario Fin de Estudios en ambas titulaciones, titulado en el Ms̀ter en Estudios Internacionales y Europeos, con especializacin̤ en Desafo̕s Internacionales y Europeos de carc̀ter pb︢lico, por la Universitat de Vl̉encia y Experto Universitario en Crimen Organizado Transnacional y Seguridad por el Instituto Universitario General Gutiřrez Mellado de la Universidad Nacional de Educacin̤ a Distancia (UNED). Centra sus investigaciones en cuestiones de gobernanza y seguridad desde una perspectiva internacional y supranacional, habiendo publicado hasta la fecha diversos artc̕ulos en revistas como Gabilex (Revista del Gabinete Jurd̕ico de la Junta de Comunidades de Castilla-La Mancha), Gaceta Internacional de Ciencias Forenses o Revista de Derecho de la UNED. 
506 1 |a Disponible solo en los productos indicados  |d vLex Global  |d vLex Global (Academic Edition, excluding Law Schools)  |d vLex Global (U.S. Academic Edition, Law Schools)  |d vLex Global (U.S. Academic Edition, excluding Law Schools)  |d vLex Global (Academic Edition, Law Schools) 
650 0 4 |a Derecho Penal  |z Espaą 
650 0 4 |a Derecho Internacional  |z Espaą 
740 0 |a vLex Libros (Servicio en ln̕ea) 
856 4 0 |u https://app.vlex.com/#/sources/37461  |z Acceso restringido 
942 |c BOOK 
999 0 |a Criminal Law 
999 0 |a International Law